000 00473nam a2200193Ia 4500
008 220531s9999 xx 000 0 und d
041 _aeng
082 _bHIR
100 _aHiremath, S.
_962978
245 _aBusiness Communication
250 _a1ST
260 _aPune
_bNirali
_c2014
300 _a8.34
542 _d27-06-2014
551 _aEnglish
_bGrantable-ENG
650 _aBusi. Communication
_962979
906 _d2014-2015
_f440
999 _c35803
_d35803